Score 0/55 Timer 06:00
21 Plays Today
% Correct
Washington DC (USA)
97.4%
Washington
97.4%
Paris (France)
89.9%
London (UK)
89.5%
Egypt
88.6%
Croatia
88.4%
Maine
88%
North Dakota
86.3%
New York
85.7%
Montana
85.5%
Berlin (Germany)
83.7%
Rome (Italy)
83.2%
Rome (Italy)
83.2%
Niger
81.2%
Vermont
80.8%
Minnesota
80.3%
Slovenia
79.6%
Montenegro
78.8%
Israel
76.9%
Moscow (Russia)
76.3%
Eritrea
76.3%
New Hampshire
76.1%
Idaho
75.4%
Saudi Arabia
74.9%
Serbia
70.9%
Oslo (Norway)
70.7%
Bosnia and Herzegovina
70.3%
Tokyo (Japan)
69.8%
% Correct
Yemen
68.2%
Alaska
67.9%
Jordan
66.1%
Seine
65.5%
Somalia
62.6%
Bern (Switzerland)
60.6%
Ottawa (Canada)
59.5%
Chad
59.4%
Sudan
59.1%
Djibouti
56.9%
Kosovo
55.6%
Tuvalu
52.3%
Vanuatu
50.9%
North Macedonia
50.2%
Cameroon
49.4%
Nauru
49.2%
Riga (Latvia)
48.7%
Benin
47.4%
Palau
47.3%
Kyiv (Ukraine)
44.4%
Rhone
41.4%
Peru
40.9%
La Paz
40.5%
Zanzibar
34%
Loire
31.6%
Guinea-Bissau
23.5%
Tanganyika
23.4%
Come Together.
Have Fun.
All Virtual.
We all need to come together. Play Sporcle's virtual live trivia to have fun, connect with people, and get your trivia on. Join a live hosted trivia game for your favorite pub trivia experience done virtually. If a virtual private party is more your thing, go here for details.

You're not logged in!

Compare scores with friends on all Sporcle quizzes.
OR
Log In

Sporcle TV

Today on Sporcle TV


Watch our educational content, quiz creation guides, and fun videos on Sporcle TV.

Show Comments

Extras

Top Quizzes Today


Score Distribution

Paid Content

Your Account Isn't Verified!

In order to create a playlist on Sporcle, you need to verify the email address you used during registration. Go to your Sporcle Settings to finish the process.

Report this User

Report this user for behavior that violates our Community Guidelines.

Details: